00582nam a22001457a 4500003000400000005001700004008004100021040001400062100002500076245011100101260000900212300003000221500015300251504003200404OSt20171010095507.0120810t xxu||||| |||| 00| 0 eng d aMMSUcULS aFarinas, Antonio R.  aPre-drying treatment of high moisture palay using three levels of salt concentration cAntonio R. Farinas  c1988 axiii, 64 leaves c28 cm.  aThesis (MS Agricultural Engineering-Crop Process Engineering) -- Central Luzon State University-Institute of Graduate Studies, Muñoz, Nueva Ecija  aBibliography: leaves 35-36